00873nam a2200205 a 4500008004100000020001500041050002000056100002000076245011900096260005700215300002100272350000900293500005100302650003100353650003700384650001300421995008800434999001700522952012800539120416s1990 ||||||||||||||||| || u a0875842348 aHD 3616.U47 Lod aLodge, George C10aPerestroika for America: restructuring U.S. business-government relations for competitiveness in the world economy aBoston, [Mass.]bHarvard Business School Pressc1990 axv, 235p. : ill. a0.00 aIncludes bibliographical references and index. aCOMPETITION, INTERNATIONAL aIndustrial policy--United States aINDUSTRY D0.00FCBU-MAIN LIBRARY (Kitwe)H1I22.95M1UAVAILABLEZAnnex Low-Usage Collection  c53326d53326 00102lcc4070a001b001cAnnex Low-Usage Collection d2022-11-30l0oHD 3616.U47 Lodp003758r2022-11-30w2022-11-30y002